Diccionario de mitología griega y romana

Guardat en:
Dades bibliogràfiques
Autor principal: Seiffert, Oskar (Autor)
Format: Llibre
Idioma:espanyol
Publicat: Buenos Aires Obelisco 2000
Col·lecció:Colección de Archivos de Símbolos
Matèries:
Etiquetes: Afegir etiqueta
Sense etiquetes, Sigues el primer a etiquetar aquest registre!

MARC

LEADER 00000nam a2200000 a 4500
001 UCM2653
003 CL-VaPUC
008 020613e20000400AG |||||||||||||||||spa|d
082 0 4 |a 292.13  |b SEI  |2 21 
100 0 |a Seiffert, Oskar  |e author  |9 469362 
245 1 0 |a Diccionario de mitología griega y romana 
300 |a 345 p 
942 |c BK 
945 |d 20020613 00:00:00  |a vberengu 
260 |a Buenos Aires  |b Obelisco  |c 2000 
650 0 |a Mitología clásica  |9 265586 
650 0 |a Mitología griega   |9 265313 
650 7 |a MITOLOGIA ROMANA  |2 CL-VaPUC  |9 265213 
650 7 |a MITOLOGIA - DICCIONARIOS  |2 CL-VaPUC  |9 312469 
583 |a last modification  |c 20020613 00:00:00  |k Rodrigo Vera 
490 0 |a Colección de Archivos de Símbolos 
999 |c 300384  |d 300382 
952 |0 0  |1 0  |4 0  |6 292_130000000000000_SEI_2000  |7 0  |8 X  |9 358072  |a BIBHIS  |b BIBHIS  |d 2019-11-21  |i 3818152  |o 292.13 SEI 2000  |p 3818152  |r 2024-01-30  |w 2019-11-21  |y BK_X  |k HIS 
952 |0 0  |1 0  |4 0  |6 292_130000000000000_SEI_2000  |7 0  |8 X  |9 358073  |a BIBHIS  |b BIBHIS  |d 2019-11-21  |i 384269K  |l 1  |o 292.13 SEI 2000  |p 384269K  |r 2025-03-14  |s 2025-03-14  |w 2019-11-21  |y BK_X  |k HIS